000 00680cab a2200229 4500
001 ABS48603
008 090401t1993 xxu||||| |||| 00| 0 eng d
035 _a(Sirsi) u67530
041 _aeng
245 _aCalculating APR
260 _c1993
350 _a0
490 _aEstates Gazette
_v(9321) 29 March 1993, 109-110(2)
520 _aA mainly for students article providing background information on the annual percentage rate of charge, the methods of calculation and worked examples.
650 _aANNUAL PERCENTAGE RATE
650 _aAPR
650 _aCONSUMER CREDIT
650 _aCREDIT
690 _aECONOMIC AND SOCIAL
942 _n0
948 _c04/03/1997
999 _c42252
_d42252